01010cam a22003494i 4500003000900000005001700009008004100026020001500067035002700082040003300109082001700142100003100159245002600190264004300216300003800259336002100297337002500318338002300343505016300366526001000529526001000539526001000549526001000559526000800569526000800577526000800585526000800593526000800601526000800609526000800617650003500625PE-LiUPU20250731173538.0150616s r 000 0 d a0830816275 a(Sirsi) i9780830816279 aPE-LiUPUbspacPE-LiUPUerda04a249bC282211 aCastleman, Robbie,eautor.10aParenting in the Pew. 1aIllinois :bInterVarsity Press,c1993. a132 páginas ;c21 centímetros atext2rdacontent aunmediated2rdamedia avolume2rdacarrier0 adaddy, i'd like you to meet my children.- Worship B.C and A.D.- Praise and puppies.- Sunday morning star saturday night.- Counting bricks or encountering God. aSEG42 aSEG41 aSEG40 aSEG39 aP94 aP87 aP86 aP85 aP77 aP76 aP3504aNIÑOS EN EL CULTO CRISTIANO.